| 000 | 00381pam a2200157a 44500 | ||
|---|---|---|---|
| 008 | 230515b1967 xxu||||| |||| 00| 0 eng d | ||
| 020 | _a0 | ||
| 041 | _aMARATHI | ||
| 082 | _a615.53 GUN | ||
| 100 | _aGUNE GANGADHAR SHASTRI | ||
| 245 | _aAYURVEDIYA -CHIKITSA PRABODH PART - 2 | ||
| 250 | _aN.D. | ||
| 260 |
_aAHMADNAGER _bN.D. _c1967 |
||
| 300 | _a288 | ||
| 650 | _aKAYACHIKISTA | ||
| 999 |
_c483951 _d483951 |
||